000 00753nam a2200205 a 4500
001 000007495
005 20200929154206.0
008 961008s1995 ve ab 000 0 spa d
020 _a9800006753
040 _aDO-SdBNP
_bspa
_cBNPHU
082 _axxxxx
_bH887k
245 0 0 _aHuellas KA-TU-GUA /
_ccoordinación de Carmen Helena Parés.
260 _aCaracas :
_bUniversidad Central de Venezuela ;
_bConsejo de Desarrollo Científico y humanístico,
_c1995.
300 _a3 v. :
_bil., mapas ;
_c23 cm.
490 1 _aEstudios
505 0 _gV. 1.
_tEnsayos. --
_gV. 2.
_tCronología de la resistencia KA-TU-GUA: S. XVI. --
_gV. 3.
_tToponimia KA-TU-GUA.
700 1 _aParés, Carmen Helena,
_d1933-
_ecoord.
_920817
830 0 _aEstudios
_93854
049 _aBNGR
999 _c7276
_d7276